| 000 | 00594nam a22001937a 4500 | ||
|---|---|---|---|
| 999 |
_c179236 _d179236 |
||
| 005 | 20210603120241.0 | ||
| 010 | _aB-739955 | ||
| 020 |
_a9788126024315 _c90.00 |
||
| 035 | _aB-739955 | ||
| 037 | _bGift | ||
| 082 | _a181.4 | ||
| 100 | _aDeshpande, G.T. | ||
| 245 |
_aAbhinavagupta / _cby G.T. Deshpande |
||
| 260 |
_aNew Delhi _bSahitya Akademi _c2017 |
||
| 270 |
_aRabindra Bhawan, 35, Ferozeshah Road, _bNew Delhi _e110001 |
||
| 300 |
_a180p. _c22cm(pbk) |
||
| 942 |
_2ddc _cEN _h181.4 _mDES |
||